Statistics for Communities of Clermont County, Ohio

Click here to take the quiz!

General Stats

  • This quiz has been taken 8 times
  • The average score is 10 of 21

Answer Stats

HintAnswer% Correct
Dissolved VillageAmelia
100%
SeatBatavia
100%
CityMilford
100%
Census DesignatedGoshen
75%
VillageNew Richmond
75%
VillageWilliamsburg
75%
VillageBethel
50%
VillageFelicity
50%
CityLoveland
50%
VillageOwensville
50%
Census DesignatedWithamsville
50%
VillageChilo
25%
VillageMoscow
25%
Census DesignatedMount Carmel
25%
Census DesignatedMount Repose
25%
Census DesignatedMulberry
25%
VillageNeville
25%
Dissolved VillageNewtonsville
25%
Census DesignatedSummerside
25%
Census DesignatedDay Heights
0%
Census DesignatedMiamiville
0%

Score Distribution

Percentile by Number Answered

Percent of People with Each Score

Your Score History

You have not taken this quiz